000 00842nam a22002777a 4500
003 CHAP
005 20220329133743.0
008 971013s1962 r 00010 d
010 _a10386
011 _a11358
035 _a10596
040 _cCHAP
082 _a519.92
_bC43
100 0 0 _aChakrabarti, M. C.
_921735
245 _aMathemetics of design and analysis of experiments
260 _aBombay, :
_bAsia Publishing House,
_c1962
300 _a120 p
590 _aBATCH-UPD
_b10
_c20130110
_lUCH01
_h0335
590 _aBATCH-UPD
_b10
_c20130410
_lUCH01
_h0008
590 _aBATCH-UPD
_b10
_c20130914
_lUCH01
_h0917
590 _aCONVERSION
_b10
_c20130109
_lUCH01
_h1307
650 1 4 _aDiseƱos experimentales.
_932735
901 _aBK
942 _cLIBRO
949 _a519.92 C43
_bBC
_cLIBRO
_d33724000445250
_eLIBRO
_h28208
_i10596
_si
_t60.00
999 _c10386
_d10386